|
|
|
|
| LEADER |
01191nam a2200337 a 4500 |
| 001 |
000597974 |
| 003 |
CZ BrMZK |
| 005 |
20170217081101.0 |
| 007 |
ta |
| 008 |
020502s1982 xr af e c dcze d |
| 040 |
|
|
|a BOA001
|b cze
|c BOA001
|
| 045 |
|
|
|a x-x-
|
| 072 |
|
7 |
|a 75
|x Malířství
|2 Konspekt
|9 21
|
| 080 |
|
|
|a 75(437.3)
|2 MRF
|
| 080 |
|
|
|a 76(437.3)
|2 MRF
|
| 080 |
|
|
|a (083.824)
|2 MRF
|
| 100 |
1 |
|
|a Emler, František,
|d 1912-1992
|7 jk01030454
|4 art
|
| 245 |
1 |
0 |
|a František Emler :
|b Východočeská galerie Pardubice, 1982 : katalog výstavy /
|c [úvodní text:] Vladimír Řeřucha
|
| 260 |
|
|
|a Pardubice :
|b Východočeská galerie,
|c 1982
|
| 300 |
|
|
|a [24] s., obr. příl. :
|b il.
|
| 600 |
1 |
7 |
|a Emler, František,
|d 1912-1992
|7 jk01030454
|
| 648 |
|
4 |
|a 1912-1992
|
| 648 |
|
7 |
|a 20. století
|7 ch460558
|
| 650 |
0 |
7 |
|a české malířství
|7 ph116864
|y 20. století
|2 czenas
|
| 650 |
0 |
7 |
|a česká grafika
|7 ph128116
|y 20. století
|2 czenas
|
| 655 |
|
7 |
|a katalogy výstav
|7 fd132536
|2 czenas
|
| 700 |
1 |
|
|a Řeřucha, Vladimír,
|d 1920-2004
|7 jk01110087
|4 wfw
|
| 710 |
2 |
|
|a Východočeská galerie (Pardubice, Česko)
|7 kn20020322239
|
| 910 |
|
|
|a BOA001
|b X-0855.577
|
| 990 |
|
|
|a BK
|
| 991 |
|
|
|b 201702
|